| 000 | 00453nam a2200157 a 4500 | ||
|---|---|---|---|
| 001 | 000030857 | ||
| 005 | 20200930062543.0 | ||
| 008 | 110602s1938 dr 000 0 spa d | ||
| 040 |
_aDO-SdBNP _bspa _cBNPHU |
||
| 082 |
_axxx _bS961v |
||
| 100 | 1 |
_aSuriñach, Ramón A. _955823 |
|
| 245 | 1 | 0 |
_aVuelos de psiquis / _cRamón A. Suriñach. |
| 260 |
_aCiudad Trujillo, República Dominicana : _bMaggiolo, _c1938. |
||
| 300 |
_a56 p. ; _c20 cm. |
||
| 049 | _aBNPD | ||
| 999 |
_c30349 _d30349 |
||